Indian Polity: For Civil Services Examinations (Record no. 87452)
[ view plain ]
| 000 -LEADER | |
|---|---|
| fixed length control field | 00473nam a2200181Ia 4500 |
| 008 - FIXED-LENGTH DATA ELEMENTS--GENERAL INFORMATION | |
| fixed length control field | 191123s9999 xx 000 0 und d |
| 020 ## - INTERNATIONAL STANDARD BOOK NUMBER | |
| International Standard Book Number | 9780070581579 |
| 041 ## - LANGUAGE CODE | |
| Language code of text/sound track or separate title | 39+IR |
| 041 ## - LANGUAGE CODE | |
| Language code of text/sound track or separate title | English |
| 082 ## - DEWEY DECIMAL CLASSIFICATION NUMBER | |
| Classification number | (079.1) LAX |
| 100 ## - MAIN ENTRY--PERSONAL NAME | |
| Personal name | Laxmikanth (M) |
| 245 #0 - TITLE STATEMENT | |
| Title | Indian Polity: For Civil Services Examinations |
| 250 ## - EDITION STATEMENT | |
| -- | 5 |
| 260 ## - PUBLICATION, DISTRIBUTION, ETC. | |
| Name of publisher, distributor, etc. | Mcraw Hill Education (India) Private Limited |
| Date of publication, distribution, etc. | 2017 |
| 365 ## - TRADE PRICE | |
| Price amount | 675 |
| Unit of pricing | Rupees |
| 650 ## - SUBJECT ADDED ENTRY--TOPICAL TERM | |
| Topical term or geographic name entry element | Competitive Exams |
| 942 ## - ADDED ENTRY ELEMENTS (KOHA) | |
| Koha item type | Books |
| Withdrawn status | Lost status | Damaged status | Not for loan | Home library | Current library | Shelving location | Date acquired | Cost, normal purchase price | Total Checkouts | Total Renewals | Full call number | Barcode | Date last seen | Date last checked out | Koha item type | Public note |
|---|---|---|---|---|---|---|---|---|---|---|---|---|---|---|---|---|
| Kumaraguru College of Technology | Kumaraguru College of Technology | MGCL Shelf No 925-945 | 2017-05-02 | 675.00 | 8 | 4 | (079.1) LAX | 87445 | 2022-05-20 | 2020-02-28 | Books | GEN |